[Event "HUN-chT 2223"]
[Site "Hungary"]
[Date "2023.04.23"]
[Round "9.10"]
[White "Lakatos, Tamas"]
[Black "Virag, Balint"]
[Result "0-1"]
[WhiteElo "2065"]
[BlackElo "2156"]
[PlyCount "23"]
[EventDate "2022.11.20"]
[EventType "team-tourn"]
[EventRounds "9"]
[EventCountry "HUN"]
[SourceTitle "EXT 2024"]
[Source "ChessBase"]
[SourceDate "2023.10.10"]
[SourceVersion "1"]
[SourceVersionDate "2023.10.10"]
[SourceQuality "1"]
[WhiteTeam "Hetenyi Geza"]
[BlackTeam "Budapest MTK"]
[WhiteTeamCountry "HUN"]
[BlackTeamCountry "HUN"]

1. e4 e5 2. Nf3 Nc6 3. Bb5 a6 4. Bxc6 dxc6 5. Nc3 f6 6. Ng1 Be6 7. Nge2 Bc5 8. d3 Qe7 9. Ng3 0-0-0 10. Qf3 Qd7 11. Bd2 Bg4 12. Qd1 0-1

[Event "HUN-chT U18"]
[Site "Budapest"]
[Date "2022.10.31"]
[Round "1.3"]
[White "Virag, Balint"]
[Black "Toth, Rafael"]
[Result "1-0"]
[WhiteElo "2162"]
[BlackElo "1627"]
[PlyCount "83"]
[EventDate "2022.10.31"]
[EventType "team-swiss"]
[EventRounds "7"]
[EventCountry "HUN"]
[SourceTitle "CBM 211 Extra"]
[Source "ChessBase"]
[SourceDate "2023.01.31"]
[SourceVersion "1"]
[SourceVersionDate "2023.01.31"]
[SourceQuality "1"]
[WhiteTeam "Budapest MTK"]
[BlackTeam "Budapest MTK II"]
[WhiteTeamCountry "HUN"]
[BlackTeamCountry "HUN"]

1. e4 c5 2. Nf3 e6 3. d3 Nc6 4. g3 g6 5. Bg2 Bg7 6. c3 Nge7 7. 0-0 0-0 8. Qe2 d5 9. e5 Nf5 10. Re1 Qc7 11. Bf4 b6 12. Nbd2 Bb7 13. Rac1 Rac8 14. g4 Nfe7 15. Bg3 h6 16. h4 Rfd8 17. Nh2 d4 18. c4 Nb8 19. Bxb7 Qxb7 20. Ne4 Qc6 21. f4 Nd7 22. Nf3 h5 23. Nd6 hxg4 24. Nxc8 Nf5 25. Ng5 Rxc8 26. Qxg4 Ne3 27. Qf3 Qxf3 28. Nxf3 Bh6 29. Ng5 Nb8 30. Bf2 Nf5 31. Kg2 Nc6 32. a3 a5 33. Kf3 a4 34. Ne4 Bg7 35. Rh1 Rd8 36. h5 Nce7 37. b4 axb3 38. Rb1 Ra8 39. Rxb3 Nc8 40. hxg6 fxg6 41. Ng5 Ra7 42. Nxe6 1-0

[Event "HUN-ch Rapid"]
[Site "Ajka"]
[Date "2022.07.15"]
[Round "1"]
[White "Kozak, Adam"]
[Black "Virag, Balint"]
[Result "1-0"]
[WhiteElo "2522"]
[BlackElo "2164"]
[PlyCount "105"]
[EventDate "2022.07.15"]
[EventType "swiss (rapid)"]
[EventRounds "13"]
[EventCountry "HUN"]
[SourceTitle "CBM 209 Extra"]
[Source "ChessBase"]
[SourceDate "2022.09.30"]
[SourceVersion "1"]
[SourceVersionDate "2022.09.30"]
[SourceQuality "1"]

1. Nf3 Nf6 2. g3 g6 3. b3 b6 4. Bg2 Bb7 5. c4 Bg7 6. Bb2 c5 7. 0-0 0-0 8. Nc3 d5 9. Nxd5 Nxd5 10. Bxg7 Kxg7 11. cxd5 Bxd5 12. d4 Na6 13. Qd3 Bb7 14. Rfd1 Rc8 15. d5 Qd6 16. e4 Rfd8 17. Qc3+ Kg8 18. a3 Nc7 19. Qe3 e5 20. a4 Na6 21. Qc3 Re8 22. Nd2 Nb4 23. Nc4 Qe7 24. d6 Qd7 25. Nxe5 Rxe5 26. Qxe5 Nc2 27. Rab1 Nd4 28. Rxd4 cxd4 29. Qxd4 Rd8 30. Rd1 Qe6 31. b4 Bc6 32. b5 Bb7 33. e5 Bxg2 34. Kxg2 f6 35. exf6 Kf7 36. d7 Qxf6 37. Qxf6+ Kxf6 38. f4 Ke7 39. Kf3 Rf8 40. d8Q+ Rxd8 41. Rxd8 Kxd8 42. g4 Ke7 43. Ke4 Ke6 44. f5+ gxf5+ 45. gxf5+ Kf6 46. Kf4 Kf7 47. Ke5 Ke7 48. f6+ Kf7 49. Kf5 Kf8 50. Ke6 Ke8 51. f7+ Kf8 52. Kf6 h5 53. h4 1-0

[Event "Tapolca Olympic Hopes"]
[Site "Tapolca"]
[Date "2021.06.27"]
[Round "7"]
[White "Pasztor, Balazs"]
[Black "Virag, Balint"]
[Result "1-0"]
[WhiteElo "2257"]
[BlackElo "2127"]
[PlyCount "113"]
[EventDate "2021.06.24"]
[EventType "swiss"]
[EventRounds "7"]
[EventCountry "HUN"]
[SourceTitle "CBM 203 Extra"]
[Source "ChessBase"]
[SourceDate "2021.09.30"]
[SourceVersion "1"]
[SourceVersionDate "2021.09.30"]
[SourceQuality "1"]

1. e4 e6 2. d4 d5 3. Nc3 Bb4 4. e5 c5 5. a3 Ba5 6. b4 cxd4 7. Qg4 Kf8 8. Nb5 Bb6 9. Nf3 Nc6 10. Bb2 Nge7 11. Nbxd4 h5 12. Qf4 Nxd4 13. Bxd4 Bxd4 14. Nxd4 Qc7 15. Bd3 f6 16. Nf3 Nc6 17. 0-0 Nxe5 18. Kh1 Qc3 19. Nxe5 Qxe5 20. Qd2 Kf7 21. c4 Bd7 22. f4 Qd6 23. Rad1 f5 24. Bc2 Rac8 25. Bb3 d4 26. c5 Qe7 27. Qxd4 Rcd8 28. Qe5 g6 29. Rfe1 Rhe8 30. h3 h4 31. Kh2 Bc8 32. Rd6 Qf6 33. Bxe6+ Bxe6 34. Qxf6+ Kxf6 35. Rexe6+ Rxe6 36. Rxd8 Ke7 37. Rb8 b6 38. Rb7+ Kf6 39. Rxa7 bxc5 40. bxc5 Re4 41. c6 Rxf4 42. c7 Rc4 43. a4 g5 44. a5 Ke6 45. a6 Kd7 46. Rb7 Rxc7 47. a7 Rxb7 48. a8Q Rb5 49. Qg8 f4 50. Qg6 Re5 51. Qf6 Rd5 52. Kg1 Rb5 53. Kf2 Rd5 54. Kf3 Rd3+ 55. Ke4 Re3+ 56. Kf5 Rg3 57. Qxg5 1-0

[Event "HUN-ch U16"]
[Site "Budapest"]
[Date "2020.10.30"]
[Round "9"]
[White "Lakatos, Tamas"]
[Black "Virag, Balint"]
[Result "1-0"]
[WhiteElo "2099"]
[BlackElo "2117"]
[PlyCount "143"]
[EventDate "2020.10.24"]
[EventType "tourn"]
[EventRounds "9"]
[EventCountry "HUN"]
[SourceTitle "CBM 199 Extra"]
[Source "ChessBase"]
[SourceDate "2021.01.31"]
[SourceVersion "1"]
[SourceVersionDate "2021.01.31"]
[SourceQuality "1"]

1. d4 e6 2. c4 d5 3. Nc3 a6 4. cxd5 exd5 5. Bf4 Nf6 6. e3 Bf5 7. a3 Nc6 8. Be2 Bd6 9. Bg5 Be7 10. Bxf6 Bxf6 11. Qb3 Ne7 12. Qxb7 Bc2 13. Rc1 Rb8 14. Qxa6 Rb6 15. Qa5 Bb3 16. Na4 Bxa4 17. Qxa4+ Qd7 18. Qxd7+ Kxd7 19. b4 Ra8 20. Rc3 Rb7 21. Nf3 Rba7 22. a4 c6 23. 0-0 Rxa4 24. b5 Ra2 25. bxc6+ Kd6 26. Bd3 R2a3 27. Rxa3 Rxa3 28. Bb1 Nxc6 29. h3 h6 30. Rd1 Nb4 31. e4 dxe4 32. Bxe4 Nc6 33. d5 Ne7 34. Nd2 Ra4 35. Bc2 Ra2 36. Bb3 Ra8 37. Ne4+ Kd7 38. d6 Nc8 39. Nc5+ Kd8 40. Nb7+ Kd7 41. Ba4+ Rxa4 42. Nc5+ Kc6 43. Nxa4 Nxd6 44. Rc1+ Kd7 45. Nb6+ Kd8 46. Rd1 Be7 47. Nc4 Kc7 48. Nxd6 Bxd6 49. f3 Kd7 50. Kf2 Ke6 51. Rb1 h5 52. Ke3 g6 53. Rb5 Bc7 54. Ke4 Kd6 55. Rd5+ Ke6 56. Rc5 Kd6 57. Rxc7 Kxc7 58. Ke5 Kd7 59. Kf6 Ke8 60. h4 Kf8 61. f4 Kg8 62. f5 gxf5 63. Kxf5 Kh7 64. Kf6 Kg8 65. Kg5 Kg7 66. Kxh5 Kf6 67. Kg4 Kg6 68. Kf4 Kh5 69. g3 Kg6 70. g4 Kh6 71. Kf5 Kg7 72. g5 1-0

[Event "HUN-ch U16"]
[Site "Budapest"]
[Date "2020.10.26"]
[Round "4"]
[White "Virag, Balint"]
[Black "Karacsonyi, Gellert"]
[Result "1-0"]
[WhiteElo "2117"]
[BlackElo "2299"]
[PlyCount "63"]
[EventDate "2020.10.24"]
[EventType "tourn"]
[EventRounds "9"]
[EventCountry "HUN"]
[SourceTitle "CBM 199 Extra"]
[Source "ChessBase"]
[SourceDate "2021.01.31"]
[SourceVersion "1"]
[SourceVersionDate "2021.01.31"]
[SourceQuality "1"]

1. e4 e6 2. d4 d5 3. Nd2 Be7 4. Ngf3 Nf6 5. e5 Nfd7 6. Bd3 c5 7. c3 Nc6 8. 0-0 a5 9. a4 cxd4 10. cxd4 Nb4 11. Bb5 0-0 12. Nb1 Nb6 13. Nc3 Bd7 14. Ne1 Bxb5 15. Nxb5 Qd7 16. Nd3 Nxa4 17. Na3 Rfc8 18. f4 g6 19. g4 f5 20. exf6 Bxf6 21. Ne5 Bxe5 22. fxe5 Nb6 23. Bh6 Nc4 24. Qf3 Nxa3 25. Rxa3 Nc6 26. Qf2 Kh8 27. Rf3 Rg8 28. Rf7 Qd8 29. Qf4 g5 30. Rxh7+ Kxh7 31. Qf7+ Kh8 32. Rf3 1-0

[Event "HUN-ch U16"]
[Site "Budapest"]
[Date "2020.10.24"]
[Round "1"]
[White "Virag, Balint"]
[Black "Koszta, Benedek"]
[Result "0-1"]
[WhiteElo "2117"]
[BlackElo "2137"]
[PlyCount "116"]
[EventDate "2020.10.24"]
[EventType "tourn"]
[EventRounds "9"]
[EventCountry "HUN"]
[SourceTitle "CBM 199 Extra"]
[Source "ChessBase"]
[SourceDate "2021.01.31"]
[SourceVersion "1"]
[SourceVersionDate "2021.01.31"]
[SourceQuality "1"]

1. e4 c5 2. Nf3 d6 3. d4 cxd4 4. Nxd4 Nf6 5. Nc3 a6 6. Be2 e5 7. Nb3 Be7 8. Be3 Be6 9. 0-0 0-0 10. Qd3 Nc6 11. a3 d5 12. exd5 Nxd5 13. Rad1 Nxe3 14. Qxe3 Qc7 15. Nd5 Bxd5 16. Rxd5 Rad8 17. Rfd1 Rxd5 18. Rxd5 Rd8 19. Qe4 g6 20. g3 Kg7 21. Rxd8 Nxd8 22. c4 Ne6 23. Nd2 Nd4 24. b4 f5 25. Qe3 Bf6 26. c5 a5 27. Nc4 axb4 28. axb4 e4 29. Bd1 Qd8 30. Ba4 Nf3+ 31. Kg2 Bd4 32. Qf4 Ne1+ 33. Kf1 Nd3 34. Qd6 Qxd6 35. cxd6 Kf7 36. d7 Ke7 37. Nd6 Nxb4 38. Nxb7 Bb6 39. Ke2 Nd5 40. Bc6 Nf6 41. d8Q+ Bxd8 42. Nxd8 Kxd8 43. f3 Kc7 44. Ba8 Kd6 45. fxe4 fxe4 46. h3 Ke5 47. Bc6 h6 48. Bb5 Kd4 49. Kd2 e3+ 50. Ke1 Ne4 51. g4 g5 52. Bf1 Ke5 53. Bg2 Nc3 54. Kf1 Kf4 55. Ke1 Kg3 56. Bf1 e2 57. Bxe2 Nxe2 58. Kxe2 Kxh3 0-1

[Event "HUN-chT U18"]
[Site "Budapest"]
[Date "2019.10.28"]
[Round "5.3"]
[White "Virag, Balint"]
[Black "Koszta, Benedek"]
[Result "1/2-1/2"]
[WhiteElo "2100"]
[BlackElo "2043"]
[PlyCount "34"]
[EventDate "2019.10.26"]
[EventType "team-swiss"]
[EventRounds "7"]
[EventCountry "HUN"]
[SourceTitle "CBM 192 Extra"]
[Source "Chessbase"]
[SourceDate "2019.11.06"]
[SourceVersion "1"]
[SourceVersionDate "2019.11.06"]
[SourceQuality "1"]
[WhiteTeam "Budapest MTK"]
[BlackTeam "Szeged Maroczy"]
[WhiteTeamCountry "HUN"]
[BlackTeamCountry "HUN"]

1. e4 c5 2. Nf3 d6 3. d4 cxd4 4. Nxd4 Nf6 5. Nc3 a6 6. Be2 e5 7. Nb3 Be7 8. Be3 Be6 9. 0-0 Nbd7 10. f4 exf4 11. Bxf4 Ne5 12. Kh1 0-0 13. Nd4 Rc8 14. Nxe6 fxe6 15. Bxe5 dxe5 16. Qxd8 Rfxd8 17. Bd3 Bc5 1/2-1/2

[Event "Balatonalmadi Pannonia Cup 27th"]
[Site "Balatonalmadi"]
[Date "2019.07.25"]
[Round "2"]
[White "Virag, Balint"]
[Black "Karacsonyi, Gellert"]
[Result "1-0"]
[WhiteElo "2092"]
[BlackElo "2315"]
[PlyCount "73"]
[EventDate "2019.07.24"]
[EventType "swiss"]
[EventRounds "7"]
[EventCountry "HUN"]
[SourceTitle "CBM 191 Extra"]
[Source "ChessBase"]
[SourceDate "2019.09.30"]
[SourceVersion "1"]
[SourceVersionDate "2019.09.30"]
[SourceQuality "1"]

1. e4 c5 2. Nf3 Nc6 3. d4 cxd4 4. Nxd4 g6 5. c4 Nf6 6. Nc3 d6 7. Be2 Nxd4 8. Qxd4 Bg7 9. Be3 0-0 10. Qd2 a5 11. f3 a4 12. Kf2 Be6 13. Rac1 Nd7 14. Rhd1 f5 15. exf5 gxf5 16. Bh6 Qb6+ 17. Kf1 Bxh6 18. Qxh6 Rf6 19. Qd2 Ne5 20. Qd4 Qxd4 21. Rxd4 Nd7 22. Nd5 Bxd5 23. cxd5 Nc5 24. Bb5 Ra5 25. Rb4 Rf8 26. a3 Kg7 27. Ke2 Kf6 28. Rcc4 Ke5 29. Rd4 Rc8 30. Ke3 Nb3 31. Rh4 Nc5 32. Rxh7 Rc7 33. Rh6 f4+ 34. Rxf4 Kxd5 35. Rd4+ Ke5 36. f4+ Kf5 37. h3 1-0

[Event "HUN-ch U16"]
[Site "Balatonlelle"]
[Date "2019.06.22"]
[Round "2"]
[White "Geher, Koppany"]
[Black "Virag, Balint"]
[Result "1-0"]
[WhiteElo "2089"]
[BlackElo "2173"]
[PlyCount "85"]
[EventDate "2019.06.21"]
[EventType "swiss"]
[EventRounds "9"]
[EventCountry "HUN"]
[SourceTitle "CBM 191 Extra"]
[Source "ChessBase"]
[SourceDate "2019.09.30"]
[SourceVersion "1"]
[SourceVersionDate "2019.09.30"]
[SourceQuality "1"]

1. e4 e5 2. Nf3 Nc6 3. Bb5 a6 4. Ba4 Nf6 5. 0-0 Nxe4 6. d4 b5 7. Bb3 d5 8. dxe5 Be6 9. Nbd2 Nc5 10. c3 Be7 11. Bc2 d4 12. Nb3 d3 13. Nxc5 dxc2 14. Qxd8+ Rxd8 15. Nxe6 fxe6 16. Be3 Rd5 17. Rfc1 Nxe5 18. Nxe5 Rxe5 19. Bd4 Rg5 20. Rxc2 Kf7 21. Be3 Rd5 22. c4 bxc4 23. Rxc4 Bd6 24. g3 Ke7 25. Rac1 Rb8 26. b3 Kd7 27. Kf1 g6 28. Ke2 Rb4 29. Rxb4 Bxb4 30. Rc4 a5 31. h4 Kd6 32. Bf4+ e5 33. Bh6 Rd4 34. Rc2 c6 35. a3 Kd5 36. axb4 Rxb4 37. Rc3 a4 38. Rd3+ Ke6 39. bxa4 Rxa4 40. Rd8 Ra2+ 41. Kf1 Ra1+ 42. Kg2 c5 43. Re8+ 1-0

[Event "HUN-chT2 Erkel 1819"]
[Site "Hungary"]
[Date "2019.04.28"]
[Round "9.8"]
[White "Virag, Balint"]
[Black "Biro, Zsolt"]
[Result "1-0"]
[WhiteElo "2052"]
[BlackElo "2016"]
[PlyCount "59"]
[EventDate "2018.10.28"]
[EventType "team-tourn"]
[EventRounds "9"]
[EventCountry "HUN"]
[SourceTitle "EXT 2021"]
[Source "ChessBase"]
[SourceDate "2020.10.23"]
[SourceVersion "1"]
[SourceVersionDate "2020.10.23"]
[SourceQuality "1"]
[WhiteTeam "Budapest MTK II"]
[BlackTeam "Pestszentlorinc"]
[WhiteTeamCountry "HUN"]
[BlackTeamCountry "HUN"]

1. e4 e6 2. d4 d5 3. Nd2 Nc6 4. Ngf3 Nf6 5. e5 Nd7 6. Nb3 a5 7. a4 b6 8. c3 Be7 9. Bd3 Ba6 10. 0-0 h6 11. Ne1 Qc8 12. Qg4 g5 13. f4 Bxd3 14. Nxd3 Qa6 15. Ne1 h5 16. Qd1 g4 17. f5 0-0-0 18. Nd3 Rdg8 19. Be3 Bh4 20. Qd2 exf5 21. Rxf5 Qc4 22. Nbc1 Ne7 23. Rxf7 Rf8 24. Rxf8+ Rxf8 25. b3 Qa6 26. g3 Nf5 27. gxh4 Nxh4 28. Qe2 Rf3 29. Bg5 Ng6 30. Nf4 1-0

[Event "HUN-chT U18"]
[Site "Zalakaros"]
[Date "2018.07.29"]
[Round "7.4"]
[White "Kovacs, Judit"]
[Black "Virag, Balint"]
[Result "0-1"]
[WhiteElo "2143"]
[BlackElo "2051"]
[PlyCount "224"]
[EventDate "2018.07.26"]
[EventType "team-swiss"]
[EventRounds "7"]
[EventCountry "HUN"]
[SourceTitle "CBM 185 Extra"]
[Source "ChessBase"]
[SourceDate "2018.07.29"]
[SourceVersion "1"]
[SourceVersionDate "2018.07.29"]
[SourceQuality "1"]
[WhiteTeam "Szentendre"]
[BlackTeam "Budapest MTK II"]
[WhiteTeamCountry "HUN"]
[BlackTeamCountry "HUN"]

1. c4 Nf6 2. Nf3 g6 3. Nc3 Bg7 4. e4 d6 5. d4 0-0 6. h3 Nfd7 7. g4 Nc6 8. Be3 e5 9. d5 Ne7 10. Be2 Kh8 11. Qc2 f5 12. gxf5 gxf5 13. Bg5 f4 14. 0-0-0 Nf6 15. Rdg1 Bd7 16. Rg2 Qe8 17. Qd1 a6 18. h4 h6 19. h5 b5 20. a3 Rb8 21. Bh4 Rg8 22. Qg1 Qf7 23. Rg6 Nxg6 24. hxg6 Qf8 25. Ng5 Be8 26. Ne6 Qe7 27. Nxc7 bxc4 28. Ne6 Rxb2 29. Bxf6 Qxf6 30. Kxb2 Bxg6 31. Bxc4 Rb8+ 32. Ka2 Qf7 33. Rh2 f3 34. Qc1 h5 35. Rh1 Qa7 36. Qd2 Kh7 37. Ng5+ Kg8 38. Ne6 Kh7 39. Nxg7 Kxg7 40. Rg1 Kh7 41. Qe3 Qc7 42. Bb3 Rf8 43. Qg5 Rg8 44. Kb2 Qb6 45. Qe3 Qxe3 46. fxe3 Rf8 47. Nd1 f2 48. Rf1 Kh6 49. Rxf2 Rxf2+ 50. Nxf2 Kg5 51. Kc3 Kh4 52. Kd2 Kg3 53. Ke1 Kg2 54. Bc4 a5 55. Be2 h4 56. Bg4 Be8 57. Bf5 Bb5 58. Bg4 Be8 59. Nh3 Bb5 60. Bf5 Be8 61. Ng5 Kg3 62. Kd2 Kf2 63. Kc3 Kxe3 64. Kc4 Kf4 65. Nh7 Kg3 66. Ng5 Kg2 67. Be6 Kg3 68. Kd3 Kf4 69. Nh3+ Kf3 70. Bf5 Bb5+ 71. Kd2 Kg3 72. Ke1 Kg2 73. Ng5 Be8 74. Ke2 Bb5+ 75. Ke3 Be8 76. Nf3 h3 77. Bxh3+ Kxh3 78. Nd2 Bb5 79. Nb3 a4 80. Na5 Ba6 81. Nc6 Kg4 82. Nd8 Kg5 83. Nf7+ Kf6 84. Nxd6 Ke7 85. Nf5+ Kf6 86. Kd2 Bb5 87. Kc3 Bd7 88. Nd6 Ke7 89. Nc4 Kf6 90. Kb4 Be8 91. Nb6 Bg6 92. Nd7+ Ke7 93. Nxe5 Bxe4 94. Kc5 Bg2 95. Nc4 Bf3 96. Nb6 Bd1 97. Kc6 Kd8 98. Nc4 Bc2 99. Ne5 Be4 100. Nf7+ Ke7 101. Nd6 Bf3 102. Nb7 Kf6 103. Kd6 Bh5 104. Nd8 Be8 105. Nc6 Kf5 106. Ke7 Ke4 107. Nb4 Bb5 108. d6 Kd4 109. d7 Bxd7 110. Kxd7 Kc4 111. Kc6 Kb3 112. Nc2 Kxc2 0-1

[Event "HUN-chT U18"]
[Site "Zalakaros"]
[Date "2018.07.27"]
[Round "3.4"]
[White "Krstulovic, Alex"]
[Black "Virag, Balint"]
[Result "0-1"]
[WhiteElo "2289"]
[BlackElo "2051"]
[PlyCount "106"]
[EventDate "2018.07.26"]
[EventType "team-swiss"]
[EventRounds "7"]
[EventCountry "HUN"]
[SourceTitle "CBM 185 Extra"]
[Source "ChessBase"]
[SourceDate "2018.07.29"]
[SourceVersion "1"]
[SourceVersionDate "2018.07.29"]
[SourceQuality "1"]
[WhiteTeam "Atomeromu"]
[BlackTeam "Budapest MTK II"]
[WhiteTeamCountry "HUN"]
[BlackTeamCountry "HUN"]

1. d4 Nf6 2. c4 g6 3. Nc3 d5 4. Nf3 Bg7 5. e3 0-0 6. cxd5 Nxd5 7. Bc4 Nb6 8. Bb3 c5 9. 0-0 cxd4 10. Nxd4 a6 11. Qf3 e5 12. Nde2 Nc6 13. Rd1 Qe7 14. e4 Nd4 15. Nxd4 exd4 16. Ne2 Rd8 17. Bd2 a5 18. h4 h6 19. a4 Be6 20. Bxe6 Qxe6 21. Nf4 Qf6 22. Qb3 Rd6 23. h5 g5 24. Nd3 Qe7 25. Re1 Rc6 26. Rac1 Rxc1 27. Nxc1 Qc5 28. Nd3 Qc6 29. Rc1 Qxe4 30. Qxb6 Qxd3 31. Qxb7 Rf8 32. Bxa5 Qe2 33. b3 d3 34. Qf3 Qb2 35. Rd1 Qxb3 36. Rxd3 Qxa4 37. Bc3 Re8 38. Bxg7 Re1+ 39. Kh2 Kxg7 40. g4 Re4 41. Kh3 Rf4 42. Qe3 Qa1 43. f3 Ra4 44. Rd7 Qh1+ 45. Kg3 Qh4+ 46. Kg2 Rxg4+ 47. fxg4 Qxg4+ 48. Kf2 Qxd7 49. Qe5+ f6 50. Qe4 Qd2+ 51. Kg3 Qf4+ 52. Qxf4 gxf4+ 53. Kxf4 Kf8 0-1

[Event "Zalakaros op 37th"]
[Site "Zalakaros"]
[Date "2018.05.31"]
[Round "7"]
[White "Radovanovic, Jovica"]
[Black "Virag, Balint"]
[Result "1-0"]
[WhiteElo "2311"]
[BlackElo "2065"]
[PlyCount "75"]
[EventDate "2018.05.25"]
[EventType "swiss"]
[EventRounds "9"]
[EventCountry "HUN"]
[SourceTitle "CBM 184 Extra"]
[Source "ChessBase"]
[SourceDate "2018.06.28"]
[SourceVersion "1"]
[SourceVersionDate "2018.06.28"]
[SourceQuality "1"]

1. d4 Nf6 2. Nf3 g6 3. c4 Bg7 4. Nc3 d5 5. cxd5 Nxd5 6. Bd2 Bg4 7. e4 Bxf3 8. Qxf3 Nb4 9. Rc1 N8c6 10. d5 Nd4 11. Qd1 a5 12. Nb5 Nxb5 13. Bxb5+ c6 14. Bxb4 cxb5 15. Bc3 Bxc3+ 16. Rxc3 0-0 17. 0-0 Qd6 18. Qc2 f5 19. Re1 e5 20. exf5 gxf5 21. Qe2 Qxd5 22. Qxe5 Qxe5 23. Rxe5 b4 24. Rg3+ Kh8 25. h4 f4 26. Rg4 Rfd8 27. Rxf4 Rd1+ 28. Kh2 Rd2 29. Re7 Rxb2 30. Rff7 Rxa2 31. Rxh7+ Kg8 32. Reg7+ Kf8 33. Rxb7 Kg8 34. Rbg7+ Kf8 35. h5 Rxf2 36. h6 Ke8 37. Rg8+ Rf8 38. Rxf8+ 1-0

[Event "Zalakaros op 37th"]
[Site "Zalakaros"]
[Date "2018.05.30"]
[Round "6"]
[White "Virag, Balint"]
[Black "Molnar, Erno"]
[Result "1-0"]
[WhiteElo "2065"]
[BlackElo "2243"]
[PlyCount "77"]
[EventDate "2018.05.25"]
[EventType "swiss"]
[EventRounds "9"]
[EventCountry "HUN"]
[SourceTitle "EXT 2019"]
[Source "ChessBase"]
[SourceDate "2018.10.10"]
[SourceVersion "1"]
[SourceVersionDate "2018.10.10"]
[SourceQuality "1"]

1. e4 e5 2. Nf3 Nc6 3. Bb5 a6 4. Ba4 Nf6 5. 0-0 Be7 6. d3 b5 7. Bb3 d6 8. a4 Bd7 9. Nc3 Na5 10. Ba2 b4 11. Ne2 0-0 12. c3 c5 13. cxb4 cxb4 14. d4 Nc6 15. dxe5 Nxe5 16. Nfd4 Rc8 17. f3 Qa5 18. Bf4 Ng6 19. Qd2 d5 20. e5 Nh5 21. g3 Nhxf4 22. gxf4 Rfd8 23. Kh1 Qb6 24. Qe3 Bc5 25. Rg1 Ne7 26. Bb1 g6 27. Qd2 Kh8 28. Rg5 f6 29. Rg3 f5 30. Rh3 Nc6 31. Nxc6 Bxc6 32. a5 Qa7 33. Bd3 Be3 34. Qxb4 d4 35. Qb6 Qa8 36. Rf1 Rb8 37. Qc5 Qb7 38. Bxa6 Qb4 39. Qxc6 1-0